000 02253nam a2200397 4500
003 EC-UNACH
005 20250515163120.0
006 s||||gr|||| 00| 00
008 150116t9999 mx r gr 000 0 spa d
020 _a25287761
040 _aEC-UNACH
_cEC-UNACH
041 _aspa
082 0 4 _223
_a300
_bL017766
110 _aCentro Andino de Acción Popular (CAAP)
245 _aEcuador Debate N°119. La transnacionalización del crimen y la violencia
250 _aPrimera edición
264 _aQuito – Ecuador
_bCAAP
_c2023
300 _a270 páginas
_bMapas, Gráficos
_c14,5 X 21 cm
505 _aCOYUNTURA.- Crisis, caos y securitización. El itinerario del poder hacia un nuevo esquema de dominación. -- Conflictividad socio-política Marzo-Junio 2023. -- TEMA CENTRAL.-¿Ecuador en el concierto de la violencia de América Latina. -- La seguridad como excepción ¿Hacia dónde va Ecuador? -- El territorio unificado del crimen en el Ecuador. -- Violencia y delincuencia en el Ecuador: principales problemas, mitos y desafíos. -- Seguridad ciudadana: entre la violencia interpartidista, el conflicto armado y el narcotráfico. 1950-2022. -- Geografía de la violencia en México: el control territorial. -- La violencia que vimos ayer en la escuela. -- DEBATE AGRARIO.- La huelga en la hacienda Llin-Llin (1979-1980) . -- ANÁLISIS.- Deriva necropolítica: violencia, temor y resignación en una política moderna agotada. RESEÑAS.- Publicanos Negros. Guerras por la igualdad, racismo y relativismo cultural. La utoía reaccionaria. Radiografía del relato correísta. El desmantelamiento del multiculturalismo. Extractivismo y derechos indígenas en Ecuador.
650 _aTERRITORIO DEL CRIMEN
650 _aNARCOTRÁFICO
650 _aNECROPOLÍTICA
650 _aSECURITIZACIÓN
650 _aCONFLICTO ARMADO
650 _aGUERRAS POR LA IGUALDAD
700 _aGudynas, Eduardo
700 _aIllicachi Guzñay, Juan
700 _aRuiz Acosta, Miguel
700 _aOjeda Segovia, Lautaro
700 _aIbarra, Hernán
942 _2ddc
_c1
999 _c13560